[Event "HUN-chT2 Breyer 1819"]
[Site "Hungary"]
[Date "2019.03.31"]
[Round "8.4"]
[White "Csire, Bence"]
[Black "Horvath, Istvan1111"]
[Result "1-0"]
[WhiteElo "2122"]
[BlackElo "2117"]
[PlyCount "63"]
[EventDate "2018.10.28"]
[EventType "team-tourn"]
[EventRounds "9"]
[EventCountry "HUN"]
[SourceTitle "EXT 2021"]
[Source "ChessBase"]
[SourceDate "2020.10.23"]
[SourceVersion "1"]
[SourceVersionDate "2020.10.23"]
[SourceQuality "1"]
[WhiteTeam "Szekesfehervar"]
[BlackTeam "Nyergesujfalu"]
[WhiteTeamCountry "HUN"]
[BlackTeamCountry "HUN"]

1. e4 e5 2. Nf3 Nc6 3. Bb5 Nf6 4. 0-0 Be7 5. Re1 d6 6. d4 exd4 7. Nxd4 Bd7 8. Nxc6 Bxc6 9. Bxc6+ bxc6 10. Nc3 0-0 11. Bf4 Rb8 12. b3 d5 13. exd5 Bb4 14. Re3 cxd5 15. Be5 Nd7 16. Nxd5 Nxe5 17. Rxe5 Bc5 18. Ne3 Bd6 19. Rd5 Qf6 20. Nc4 Bf4 21. Qd4 Qh6 22. g3 Bg5 23. Rd1 Rfe8 24. Qxa7 Ra8 25. Qxc7 Rxa2 26. Nd6 Rf8 27. Nxf7 Qf6 28. Rxg5 Rxf7 29. Qd8+ Rf8 30. Qxf6 Rxf6 31. Rc5 h6 32. Rd7 1-0

[Event "HUN-chT2 Breyer 1718"]
[Site "Hungary"]
[Date "2017.10.29"]
[Round "3.3"]
[White "Kovacs, Geza"]
[Black "Csire, Bence"]
[Result "0-1"]
[WhiteElo "2001"]
[BlackElo "2120"]
[PlyCount "57"]
[EventDate "2017.09.24"]
[EventType "team-tourn"]
[EventRounds "11"]
[EventCountry "HUN"]
[SourceTitle "EXT 2021"]
[Source "ChessBase"]
[SourceDate "2020.10.23"]
[SourceVersion "1"]
[SourceVersionDate "2020.10.23"]
[SourceQuality "1"]
[WhiteTeam "Esztergom"]
[BlackTeam "Szekesfehervar"]
[WhiteTeamCountry "HUN"]
[BlackTeamCountry "HUN"]

1. e4 e5 2. c4 Bc5 3. d3 Nc6 4. Nc3 d6 5. Be3 Nf6 6. h3 Be6 7. Qd2 Nh5 8. g3 Bxe3 9. Qxe3 Nd4 10. Rc1 f5 11. Be2 Nf6 12. Nf3 c5 13. Qd2 0-0 14. Ng5 Bd7 15. exf5 Bxf5 16. g4 Bg6 17. Nb5 Qe7 18. Nxd4 exd4 19. f3 d5 20. cxd5 Nxd5 21. 0-0 Ne3 22. f4 h6 23. Nf3 Rxf4 24. Rf2 Raf8 25. b4 cxb4 26. Qb2 Be8 27. Qb3+ Bf7 28. Qa4 Bd5 29. Qb5 0-1

[Event "HUN-chT2 Breyer 1718"]
[Site "Hungary"]
[Date "2017.09.24"]
[Round "1.1"]
[White "Bohus, Adam"]
[Black "Csire, Bence"]
[Result "1-0"]
[WhiteElo "2305"]
[BlackElo "2120"]
[PlyCount "59"]
[EventDate "2017.09.24"]
[EventType "team-tourn"]
[EventRounds "11"]
[EventCountry "HUN"]
[SourceTitle "EXT 2021"]
[Source "ChessBase"]
[SourceDate "2020.10.23"]
[SourceVersion "1"]
[SourceVersionDate "2020.10.23"]
[SourceQuality "1"]
[WhiteTeam "Naszaly Geniusz Tata"]
[BlackTeam "Szekesfehervar"]
[WhiteTeamCountry "HUN"]
[BlackTeamCountry "HUN"]

1. d4 d5 2. Nf3 Nf6 3. c4 e6 4. Nc3 Be7 5. Bf4 0-0 6. e3 c6 7. Qc2 b6 8. Rd1 Bb7 9. Bd3 Nbd7 10. 0-0 h6 11. e4 dxe4 12. Nxe4 Nxe4 13. Bxe4 Nf6 14. Bd3 Bd6 15. Ne5 Qc7 16. Qe2 c5 17. dxc5 Qxc5 18. Nd7 Nxd7 19. Bxd6 Qc6 20. f3 Rfd8 21. b4 a5 22. a3 Kh8 23. Be4 Qc8 24. Bb1 Nf6 25. Qc2 Ba6 26. Rd4 Qd7 27. Rfd1 g6 28. Be5 Qe7 29. Rf4 Rxd1+ 30. Qxd1 1-0

[Event "HUN-chT2 Asztalos 1617"]
[Site "Hungary"]
[Date "2016.12.11"]
[Round "6.3"]
[White "Szabo, Levente"]
[Black "Csire, Bence"]
[Result "1/2-1/2"]
[WhiteElo "1971"]
[BlackElo "2109"]
[PlyCount "60"]
[EventDate "2016.09.25"]
[EventType "team-tourn"]
[EventRounds "11"]
[EventCountry "HUN"]
[SourceTitle "EXT 2021"]
[Source "ChessBase"]
[SourceDate "2020.10.23"]
[SourceVersion "1"]
[SourceVersionDate "2020.10.23"]
[SourceQuality "1"]
[WhiteTeam "Sarosd"]
[BlackTeam "Fehervar"]
[WhiteTeamCountry "HUN"]
[BlackTeamCountry "HUN"]

1. d4 d5 2. c4 e6 3. Nc3 Be7 4. Nf3 Nf6 5. Bg5 h6 6. Bh4 0-0 7. e3 b6 8. cxd5 Nxd5 9. Bxe7 Nxe7 10. Bd3 Bb7 11. 0-0 Nd7 12. Be4 Qc8 13. Rc1 c5 14. dxc5 Nxc5 15. Bxb7 Qxb7 16. Qe2 Rfd8 17. Rfd1 Nd5 18. Nxd5 Rxd5 19. b4 Ne4 20. Qc2 Rad8 21. h3 f5 22. Rxd5 Qxd5 23. Qc7 Rd7 24. Qb8+ Kh7 25. Rc8 Qd1+ 26. Kh2 Qd6+ 27. Qxd6 Rxd6 28. Rc2 a6 29. a4 a5 30. bxa5 bxa5 1/2-1/2

[Event "HUN-chT2 Asztalos 1516"]
[Site "Hungary"]
[Date "2015.11.29"]
[Round "5.4"]
[White "Illes, Attila"]
[Black "Csire, Bence"]
[Result "0-1"]
[WhiteElo "1976"]
[BlackElo "2056"]
[PlyCount "82"]
[EventDate "2015.09.13"]
[EventType "team-tourn"]
[EventRounds "11"]
[EventCountry "HUN"]
[SourceTitle "CBM 170 Extra"]
[Source "ChessBase"]
[SourceDate "2016.02.25"]
[SourceVersion "1"]
[SourceVersionDate "2016.02.25"]
[SourceQuality "1"]
[WhiteTeam "Kaposvar Bastya"]
[BlackTeam "Fehervar"]
[WhiteTeamCountry "HUN"]
[BlackTeamCountry "HUN"]

1. Nf3 d5 2. g3 Nf6 3. Bg2 Bf5 4. c4 e6 5. Qb3 Nbd7 6. d4 dxc4 7. Qxc4 Nb6 8. Qb3 Qd5 9. Qxd5 Bb4+ 10. Bd2 Nfxd5 11. a3 Bd6 12. Nc3 Nc4 13. Bc1 Nxc3 14. bxc3 Be4 15. 0-0 0-0 16. Nd2 Bxg2 17. Kxg2 b5 18. a4 a6 19. Nxc4 bxc4 20. a5 Rab8 21. Ra4 Rb5 22. Bd2 Rfb8 23. Rfa1 Rb2 24. Be1 Rxe2 25. Rxc4 Kf8 26. Rc6 Ra8 27. Rc4 Ke7 28. Rca4 Rb8 29. R4a2 Rbb2 30. Rxb2 Rxb2 31. c4 Bb4 32. Bxb4+ Rxb4 33. Rc1 Ra4 34. h4 Rxa5 35. Kf3 Kd6 36. g4 Ra2 37. Ke3 g6 38. f3 a5 39. Rb1 a4 40. Rb5 Ra3+ 41. Ke2 Rb3 0-1

[Event "HUN-chT2 Asztalos 1516"]
[Site "Hungary"]
[Date "2015.10.04"]
[Round "2.4"]
[White "Degi, Janos"]
[Black "Csire, Bence"]
[Result "0-1"]
[WhiteElo "1907"]
[BlackElo "2066"]
[PlyCount "50"]
[EventDate "2015.09.13"]
[EventType "team-tourn"]
[EventRounds "11"]
[EventCountry "HUN"]
[SourceTitle "CBM 170 Extra"]
[Source "ChessBase"]
[SourceDate "2016.02.25"]
[SourceVersion "1"]
[SourceVersionDate "2016.02.25"]
[SourceQuality "1"]
[WhiteTeam "Marcali"]
[BlackTeam "Fehervar"]
[WhiteTeamCountry "HUN"]
[BlackTeamCountry "HUN"]

1. f4 d5 2. Nf3 Nf6 3. e3 g6 4. b3 Bg7 5. Bb2 0-0 6. h4 c5 7. Bd3 Bg4 8. Qc1 Nc6 9. Ne5 Nxe5 10. Bxe5 d4 11. exd4 Qd5 12. Kf2 cxd4 13. Re1 Bf5 14. Bc4 Qc5 15. Bd3 Ng4+ 16. Kg3 Nxe5 17. Bxf5 gxf5 18. b4 Qd6 19. d3 Qg6+ 20. Kf2 Ng4+ 21. Kg1 Ne3 22. Qd2 Bh6 23. Qf2 Qg4 24. g3 Bxf4 25. Kh2 Qxh4+ 0-1

[Event "HUN-chT2 Asztalos 1415"]
[Site "Hungary"]
[Date "2015.04.26"]
[Round "9"]
[White "Csire, Bence"]
[Black "Szabo, Zoltan"]
[Result "1-0"]
[WhiteElo "2076"]
[BlackElo "1862"]
[PlyCount "137"]
[EventDate "2014.10.12"]
[EventType "team-tourn"]
[EventRounds "9"]
[EventCountry "HUN"]
[SourceTitle "EXT 2016"]
[Source "ChessBase"]
[SourceDate "2015.10.08"]
[SourceVersion "1"]
[SourceVersionDate "2015.10.08"]
[SourceQuality "1"]
[WhiteTeam "Fehervar"]
[BlackTeam "Peti MTE"]
[WhiteTeamCountry "HUN"]
[BlackTeamCountry "HUN"]

1. e4 e5 2. Nf3 Nc6 3. Bb5 a6 4. Ba4 Nf6 5. 0-0 Be7 6. Re1 b5 7. Bb3 d6 8. c3 0-0 9. h3 Na5 10. Bc2 c5 11. d4 Qc7 12. Nbd2 cxd4 13. cxd4 Nc6 14. d5 Nb4 15. Bb1 a5 16. Nf1 Bd7 17. Bd2 Na6 18. Qe2 Nc5 19. Rc1 Qb7 20. Ng3 g6 21. Be3 Na6 22. Qd2 a4 23. Bd3 Rfc8 24. Nh2 Rc7 25. Rxc7 Nxc7 26. f4 exf4 27. Bxf4 Na6 28. Rf1 Rf8 29. Bg5 Qa7+ 30. Be3 Nc5 31. Bd4 Nb3 32. Bxa7 Nxd2 33. Rc1 Rc8 34. Rxc8+ Bxc8 35. Bxb5 a3 36. bxa3 Nfxe4 37. Nxe4 Nxe4 38. Nf1 Nc3 39. Bc4 Bb7 40. Ne3 Bg5 41. Kf2 Bxe3+ 42. Bxe3 Nxd5 43. a4 Kf8 44. a5 Nc7 45. g3 Ke7 46. Bb6 Na6 47. a3 Nb8 48. Ke3 Na6 49. Kd4 Nb8 50. Bd5 Nc6+ 51. Kc3 Nxa5 52. Bxb7 Nxb7 53. Kd4 Ke6 54. a4 f5 55. a5 Nxa5 56. Bxa5 f4 57. gxf4 Kf5 58. Ke3 d5 59. Kf3 h6 60. Bd2 g5 61. fxg5 hxg5 62. Be3 Kg6 63. Kg4 Kh6 64. h4 d4 65. hxg5+ Kg6 66. Bxd4 Kf7 67. Kf5 Kg8 68. Kg6 Kf8 69. Kh7 1-0

[Event "Balatonalmadi Pannonia Cup 18th"]
[Site "Balatonalmadi"]
[Date "2013.07.27"]
[Round "5"]
[White "Polyik, Peter"]
[Black "Csire, Bence"]
[Result "0-1"]
[WhiteElo "1895"]
[BlackElo "2068"]
[PlyCount "140"]
[EventDate "2013.07.24"]
[EventType "swiss"]
[EventRounds "7"]
[EventCountry "HUN"]
[SourceTitle "EXT 2016"]
[Source "ChessBase"]
[SourceDate "2015.10.08"]
[SourceVersion "1"]
[SourceVersionDate "2015.10.08"]
[SourceQuality "1"]

1. d4 d5 2. c4 e6 3. Nc3 Be7 4. Nf3 Nf6 5. Bg5 0-0 6. e3 h6 7. Bh4 b6 8. cxd5 Nxd5 9. Bxe7 Qxe7 10. Nxd5 exd5 11. Rc1 Be6 12. Qa4 c5 13. Qa3 Rc8 14. Be2 a5 15. 0-0 Qa7 16. dxc5 bxc5 17. Rfd1 Qb6 18. Rc3 Nd7 19. Rdc1 Qb4 20. Rb3 Qxa3 21. Rxa3 Rab8 22. Rb3 c4 23. Rxb8 Rxb8 24. b3 cxb3 25. axb3 Rxb3 26. Ra1 Bf5 27. Nd4 Rb1+ 28. Rxb1 Bxb1 29. Bd1 Nc5 30. Nb5 a4 31. Na3 Ba2 32. Kf1 Kf8 33. Bc2 Bb3 34. Bxb3 Nxb3 35. Ke2 Ke7 36. Kd3 Kd6 37. Kc3 Kc5 38. Nc2 Nc1 39. Nd4 a3 40. Nc2 a2 41. Kb2 Nd3+ 42. Kxa2 Nxf2 43. Kb3 Kd6 44. Kc3 Ke5 45. Kd2 Ke4 46. Ke2 Ng4 47. h3 Ne5 48. Nd4 Nc4 49. Nc2 f5 50. g3 g5 51. Kf2 Nd6 52. Ne1 Nb5 53. Ng2 Nc3 54. g4 f4 55. exf4 gxf4 56. Ne1 d4 57. h4 d3 58. Nxd3 Kxd3 59. Kf3 Nd5 60. g5 hxg5 61. hxg5 Kd4 62. g6 Ke5 63. g7 Nf6 64. Kf2 Ke4 65. Ke2 f3+ 66. Kf2 Kf4 67. Kf1 Ke3 68. Ke1 f2+ 69. Kf1 Ne4 70. Kg2 Nd2 0-1

[Event "HUN-chT2 Breyer 1213"]
[Site "Hungary"]
[Date "2013.01.27"]
[Round "7.2"]
[White "Farkas, Gyula"]
[Black "Csire, Bence"]
[Result "1-0"]
[WhiteElo "2186"]
[BlackElo "2081"]
[PlyCount "83"]
[EventDate "2012.09.16"]
[EventType "team-tourn"]
[EventRounds "11"]
[EventCountry "HUN"]
[SourceTitle "EXT 2014"]
[Source "ChessBase"]
[SourceDate "2013.11.20"]
[SourceVersion "1"]
[SourceVersionDate "2013.11.20"]
[SourceQuality "1"]
[WhiteTeam "Kisber Aszar"]
[BlackTeam "MAV Elore"]
[WhiteTeamCountry "HUN"]
[BlackTeamCountry "HUN"]

1. e4 e5 2. d4 exd4 3. Qxd4 Nc6 4. Qe3 Nf6 5. Bd2 Be7 6. Nc3 0-0 7. 0-0-0 d6 8. f4 a6 9. h3 b5 10. g4 b4 11. Na4 d5 12. e5 Ne4 13. Bg2 Bb7 14. Bxe4 dxe4 15. Bxb4 Qxd1+ 16. Kxd1 Nxb4 17. Nc3 Rfd8+ 18. Kc1 Nd5 19. Nxd5 Rxd5 20. Ne2 Bc5 21. Qb3 Bb6 22. Nc3 Rd4 23. Re1 Re8 24. Ne2 Rd7 25. Rd1 Rxd1+ 26. Kxd1 e3 27. Ke1 Rd8 28. e6 fxe6 29. Qxe6+ Kf8 30. f5 Rd6 31. Qe5 Bf3 32. Qf4 Bc6 33. g5 a5 34. c3 Bb5 35. Nd4 Bxd4 36. cxd4 e2 37. Qe5 Ba6 38. f6 gxf6 39. gxf6 Kf7 40. Qe7+ Kg6 41. Qg7+ Kf5 42. f7 1-0

[Event "HUN-chT2 Breyer 1213"]
[Site "Hungary"]
[Date "2012.11.18"]
[Round "4.1"]
[White "Harmatosi, Jozsef"]
[Black "Csire, Bence"]
[Result "1-0"]
[WhiteElo "2242"]
[BlackElo "2081"]
[PlyCount "57"]
[EventDate "2012.09.16"]
[EventType "team-tourn"]
[EventRounds "11"]
[EventCountry "HUN"]
[SourceTitle "EXT 2014"]
[Source "ChessBase"]
[SourceDate "2013.11.20"]
[SourceVersion "1"]
[SourceVersionDate "2013.11.20"]
[SourceQuality "1"]
[WhiteTeam "Szazhalombatta"]
[BlackTeam "MAV Elore"]
[WhiteTeamCountry "HUN"]
[BlackTeamCountry "HUN"]

1. d4 d5 2. Nf3 Nf6 3. e3 c5 4. c3 e6 5. Nbd2 Nc6 6. Ne5 Nxe5 7. dxe5 Nd7 8. f4 f6 9. Bd3 f5 10. b3 b6 11. Bb2 Bb7 12. 0-0 Be7 13. c4 0-0 14. Qc2 Nb8 15. cxd5 Bxd5 16. Rad1 Nc6 17. a3 Qc7 18. e4 fxe4 19. Bxe4 Bxe4 20. Nxe4 Na5 21. Nd6 Rad8 22. f5 Bxd6 23. exd6 Qd7 24. f6 Nc6 25. fxg7 Rxf1+ 26. Rxf1 e5 27. b4 Qxd6 28. Qf5 Qd7 29. Qf8+ 1-0

[Event "Balatonalmadi Pannonia Cup 17th"]
[Site "Balatonalmadi"]
[Date "2012.07.27"]
[Round "4"]
[White "Sardy, Peter"]
[Black "Csire, Bence"]
[Result "1-0"]
[WhiteElo "2359"]
[BlackElo "2063"]
[PlyCount "43"]
[EventDate "2012.07.25"]
[EventType "swiss"]
[EventRounds "7"]
[EventCountry "HUN"]
[SourceTitle "EXT 2016"]
[Source "ChessBase"]
[SourceDate "2015.10.08"]
[SourceVersion "1"]
[SourceVersionDate "2015.10.08"]
[SourceQuality "1"]

1. e4 e5 2. Nf3 Nc6 3. Bb5 a6 4. Ba4 Nf6 5. d3 d6 6. 0-0 Be7 7. Re1 0-0 8. c3 b5 9. Bc2 Re8 10. a4 Bb7 11. Na3 Nb8 12. Bd2 c6 13. c4 bxc4 14. Nxc4 a5 15. Bc3 c5 16. Bb3 Nfd7 17. Ne3 Qc8 18. Rc1 Nc6 19. Nf5 Rb8 20. N3h4 Qd8 21. Qg4 Bxh4 22. Qxg7# 1-0

[Event "HUN-chT2 Breyer 1112"]
[Site "Hungary"]
[Date "2012.05.06"]
[Round "10.4"]
[White "Csire, Bence"]
[Black "Sallai, Kalman"]
[Result "0-1"]
[WhiteElo "2019"]
[BlackElo "2122"]
[PlyCount "45"]
[EventDate "2011.09.25"]
[EventType "team-tourn"]
[EventRounds "11"]
[EventCountry "HUN"]
[SourceTitle "EXT 2013"]
[Source "ChessBase"]
[SourceDate "2012.11.22"]
[SourceVersion "1"]
[SourceVersionDate "2012.11.22"]
[SourceQuality "1"]
[WhiteTeam "MAV Elore"]
[BlackTeam "Torokbalint"]
[WhiteTeamCountry "HUN"]
[BlackTeamCountry "HUN"]

1. e4 c5 2. Nf3 Nc6 3. d4 cxd4 4. Nxd4 Nf6 5. Nc3 e5 6. Ndb5 d6 7. Bg5 a6 8. Na3 b5 9. Nd5 Be7 10. Bxf6 Bxf6 11. c4 Qa5+ 12. Qd2 Bd8 13. cxb5 Qxd2+ 14. Kxd2 Nd4 15. b6 Rb8 16. Nc4 Kd7 17. g3 g6 18. f4 Bb7 19. fxe5 Nf3+ 20. Kc2 dxe5 21. Bh3+ f5 22. Bg2 Nd4+ 23. Kd3 0-1

[Event "HUN-chT2 Breyer 1112"]
[Site "Hungary"]
[Date "2012.03.11"]
[Round "7.4"]
[White "Csire, Bence"]
[Black "Molnar, Jozsef"]
[Result "0-1"]
[WhiteElo "2019"]
[BlackElo "2178"]
[PlyCount "136"]
[EventDate "2011.09.25"]
[EventType "team-tourn"]
[EventRounds "11"]
[EventCountry "HUN"]
[SourceTitle "EXT 2013"]
[Source "ChessBase"]
[SourceDate "2012.11.22"]
[SourceVersion "1"]
[SourceVersionDate "2012.11.22"]
[SourceQuality "1"]
[WhiteTeam "MAV Elore"]
[BlackTeam "BEAC II"]
[WhiteTeamCountry "HUN"]
[BlackTeamCountry "HUN"]

1. e4 e6 2. d4 d5 3. Nd2 dxe4 4. Nxe4 Nd7 5. Nf3 Ngf6 6. Nxf6+ gxf6 7. Bf4 Nb6 8. Bd3 h5 9. Qe2 Nd5 10. Bd2 Bd7 11. Be4 c6 12. c4 Ne7 13. d5 f5 14. dxe6 Bxe6 15. Bc2 Bg7 16. Ng5 Qd7 17. 0-0-0 Qd6 18. Rhe1 Rh6 19. Kb1 Qc5 20. Nxf7 Bxf7 21. b4 Qd6 22. Bc3 Re6 23. Qxe6 Qxe6 24. Rxe6 Bxc3 25. Re3 Bxb4 26. Bxf5 Rd8 27. Rxd8+ Kxd8 28. Be6 Bg6+ 29. Kb2 Kc7 30. f3 Bd6 31. h4 Bc5 32. Re1 Bf2 33. Rh1 Kd6 34. Bh3 Bxh4 35. g4 Bf6+ 36. Kb3 Kc5 37. gxh5 Bxh5 38. Be6 Be8 39. f4 Kd6 40. f5 c5 41. Rh6 Ke5 42. Rh1 Nc6 43. Re1+ Kd6 44. Kc2 Nd4+ 45. Kd3 Ba4 46. Bd5 b6 47. Rh1 Bc2+ 48. Ke3 Bxf5 49. Kf4 Be5+ 50. Kg5 Bg7 51. Rf1 Bd7 52. Rf7 Be5 53. Rh7 a6 54. Rh6+ Kc7 55. Rh7 b5 56. cxb5 axb5 57. Bg2 Kd6 58. Rh6+ Kc7 59. Rh7 Ne6+ 60. Kf5 Nf8+ 61. Kxe5 Nxh7 62. Kd5 Kb6 63. Bf1 Ng5 64. a3 Bc6+ 65. Ke5 Nf3+ 66. Kf4 Nd2 67. Bd3 Ka5 68. Bc2 Nc4 0-1

[Event "HUN-chT2 Breyer 1112"]
[Site "Hungary"]
[Date "2011.11.13"]
[Round "3.4"]
[White "Csire, Bence"]
[Black "Papista, Akos"]
[Result "1-0"]
[WhiteElo "2019"]
[BlackElo "2161"]
[PlyCount "113"]
[EventDate "2011.09.25"]
[EventType "team-tourn"]
[EventRounds "11"]
[EventCountry "HUN"]
[SourceTitle "EXT 2013"]
[Source "ChessBase"]
[SourceDate "2012.11.22"]
[SourceVersion "1"]
[SourceVersionDate "2012.11.22"]
[SourceQuality "1"]
[WhiteTeam "MAV Elore"]
[BlackTeam "Biatorbagy"]
[WhiteTeamCountry "HUN"]
[BlackTeamCountry "HUN"]

1. e4 e5 2. Nf3 d6 3. d4 Nf6 4. Nc3 Nbd7 5. Bc4 Be7 6. 0-0 0-0 7. Re1 c6 8. a4 b6 9. b4 a6 10. Bb2 Bb7 11. Bb3 g6 12. Qd3 Qc7 13. b5 axb5 14. axb5 Rxa1 15. Rxa1 exd4 16. Qxd4 Ne5 17. Ra7 Ra8 18. Rxb7 Qxb7 19. Nxe5 dxe5 20. Qxe5 Ra5 21. bxc6 Rxe5 22. cxb7 Nd7 23. Nd5 Rxe4 24. f3 Bc5+ 25. Kf1 Re8 26. Ba4 Rb8 27. Bxd7 Rxb7 28. Bc6 Ra7 29. Nf6+ Kf8 30. Nxh7+ Ke7 31. Bd5 Ba3 32. Bf6+ Kd6 33. Bb3 Bc1 34. Ng5 Bxg5 35. Bxg5 b5 36. g4 Ke5 37. Ke2 f6 38. Bd2 Rh7 39. Bc3+ Kf4 40. Bd2+ Ke5 41. Bc3+ Kf4 42. Bd5 Rxh2+ 43. Kd3 f5 44. gxf5 gxf5 45. Bc6 Rh3 46. Bd4 Kg5 47. c3 Kf4 48. Be3+ Kg3 49. f4 Rh6 50. Bxb5 Kf3 51. Bd4 Rd6 52. c4 Kxf4 53. c5 Rd8 54. c6 Kg3 55. c7 Rg8 56. Bf6 Rc8 57. Ba6 1-0

[Event "HUN-chT U18"]
[Site "Miskolc"]
[Date "2011.11.05"]
[Round "6.1"]
[White "Csire, Bence"]
[Black "Juhasz, Armin"]
[Result "1-0"]
[WhiteElo "2019"]
[BlackElo "2163"]
[PlyCount "91"]
[EventDate "2011.11.02"]
[EventType "team-swiss"]
[EventRounds "8"]
[EventCountry "HUN"]
[SourceTitle "EXT 2012"]
[Source "ChessBase"]
[SourceDate "2011.11.24"]
[SourceVersion "1"]
[SourceVersionDate "2011.11.24"]
[SourceQuality "1"]
[WhiteTeam "MAV Elore"]
[BlackTeam "Vasas"]
[WhiteTeamCountry "HUN"]
[BlackTeamCountry "HUN"]

1. e4 c5 2. Nf3 g6 3. d4 cxd4 4. Nxd4 Nc6 5. c4 Nf6 6. Nc3 d6 7. Be3 Ng4 8. Bg5 Qb6 9. h3 Nxf2 10. Kxf2 Nxd4 11. Na4 Qa5 12. Qxd4 Rg8 13. c5 Bd7 14. Nc3 Bg7 15. Qc4 b5 16. Qd5 Rc8 17. cxd6 e6 18. Qb7 Qb4 19. Nxb5 Bd4+ 20. Kf3 Bb6 21. Nc7+ Kf8 22. Nxe6+ Ke8 23. Nc7+ Kf8 24. Ne6+ Ke8 25. Nc7+ Kf8 26. Nd5 Qc5 27. Nxb6 Qxg5 28. Nxd7+ Kg7 29. Qd5 f5 30. Qe5+ Kh6 31. Qf4 fxe4+ 32. Kxe4 Rge8+ 33. Kf3 Rc2 34. Qxg5+ Kxg5 35. h4+ Kh6 36. Bd3 Rxb2 37. Rhb1 Rd2 38. Rd1 Rb2 39. Nc5 Rf8+ 40. Kg3 Rff2 41. Be4 g5 42. hxg5+ Kxg5 43. d7 Rfd2 44. Rxd2 Rxd2 45. d8Q+ Rxd8 46. Ne6+ 1-0

[Event "HUN-chT U18"]
[Site "Miskolc"]
[Date "2011.11.03"]
[Round "3.1"]
[White "Horvath, David G"]
[Black "Csire, Bence"]
[Result "1-0"]
[WhiteElo "2393"]
[BlackElo "2019"]
[PlyCount "43"]
[EventDate "2011.11.02"]
[EventType "team-swiss"]
[EventRounds "8"]
[EventCountry "HUN"]
[SourceTitle "EXT 2012"]
[Source "ChessBase"]
[SourceDate "2011.11.24"]
[SourceVersion "1"]
[SourceVersionDate "2011.11.24"]
[SourceQuality "1"]
[WhiteTeam "Csepel"]
[BlackTeam "MAV Elore"]
[WhiteTeamCountry "HUN"]
[BlackTeamCountry "HUN"]

1. d4 d5 2. c4 e6 3. Nc3 Be7 4. Nf3 Nf6 5. Bg5 h6 6. Bh4 0-0 7. e3 b6 8. Bxf6 Bxf6 9. cxd5 exd5 10. Rc1 c6 11. b4 Bb7 12. Qb3 Qe7 13. Bd3 Nd7 14. 0-0 b5 15. a4 a6 16. Rfe1 Bg5 17. Rc2 f5 18. axb5 axb5 19. Nxd5 cxd5 20. Rc7 Ba6 21. Qxd5+ Kh8 22. Qxd7 1-0

[Event "HUN-chT2 Asztalos 1011"]
[Site "Hungary"]
[Date "2011.05.15"]
[Round "11.8"]
[White "Csire, Bence"]
[Black "Turi, Istvan"]
[Result "1-0"]
[WhiteElo "1929"]
[BlackElo "1859"]
[PlyCount "87"]
[EventDate "2010.09.12"]
[EventType "team-tourn"]
[EventRounds "11"]
[EventCountry "HUN"]
[SourceTitle "EXT 2012"]
[Source "ChessBase"]
[SourceDate "2011.11.24"]
[SourceVersion "1"]
[SourceVersionDate "2011.11.24"]
[SourceQuality "1"]
[WhiteTeam "Szekesfehervar"]
[BlackTeam "Baja"]
[WhiteTeamCountry "HUN"]
[BlackTeamCountry "HUN"]

1. e4 Nf6 2. e5 Nd5 3. c4 Nb6 4. d4 d6 5. exd6 cxd6 6. Nc3 g6 7. Be3 Bg7 8. Rc1 0-0 9. b3 Nc6 10. Nf3 Bg4 11. Be2 Nd7 12. h3 Bxf3 13. Bxf3 Rc8 14. 0-0 b6 15. Bg4 f5 16. Bf3 f4 17. Bxc6 fxe3 18. Bd5+ Kh8 19. fxe3 Bh6 20. Qd3 Nf6 21. Be6 Rb8 22. Rce1 Qc7 23. Nb5 Qb7 24. d5 Nd7 25. Bxd7 Qxd7 26. Nd4 Rxf1+ 27. Rxf1 Rf8 28. Rxf8+ Bxf8 29. Ne6 Bg7 30. Qe4 Be5 31. Qf3 Bf6 32. g4 Kg8 33. g5 Bg7 34. Qg4 Qe8 35. Kg2 Qb8 36. h4 b5 37. cxb5 Be5 38. Qc4 Kf7 39. Qf1+ Kg8 40. a4 Qe8 41. Qc4 h5 42. Qc7 Qf7 43. Qd8+ Kh7 44. Qf8 1-0